Obchodný zákonník komentár

Enregistré dans:
Détails bibliographiques
Auteur principal: Ovečková, Oľga
Format: Livre
Langue:slovaque
Publié: Bratislava Iura Edition 2012
Édition:3. dopl. a preprac. vyd.
Sujets:
Tags: Ajouter un tag
Pas de tags, Soyez le premier à ajouter un tag!

MARC

LEADER 00000nam a2200000 4500
001 0162133
005 20240318120922.6
020 |a 978-80-8078-434-8 
041 0 |a slo 
044 |a SK 
245 1 0 |a Obchodný zákonník  |b komentár  |c Oľga Ovečková a kolektív 
250 |a 3. dopl. a preprac. vyd. 
264 1 |a Bratislava  |b Iura Edition  |c 2012 
300 |a 1182 s. 
610 2 0 |a zákonník obchodný 
610 2 0 |a právo obchodné 
610 2 0 |a komentáre 
610 2 0 |a legislatíva 
610 2 0 |a meno obchodné 
610 2 0 |a tajomstvo obchodné 
610 2 0 |a podnikanie obchodné 
610 2 0 |a osoby zahraničné 
610 2 0 |a register obchodný 
610 2 0 |a účtovníctvo 
610 2 0 |a súťaž hospodárska 
610 2 0 |a spoločnosti obchodné 
610 2 0 |a družstvá 
100 1 |a Ovečková, Oľga